Experimental study of thermosyphon operation when cooling the condensation part by drop irrigation; MATEC Web of Conferences; Vol. 92 : Thermophysical Basis of Energy Technologies (TBET-2016)

Detalles Bibliográficos
Parent link:MATEC Web of Conferences
Vol. 92 : Thermophysical Basis of Energy Technologies (TBET-2016).— 2017.— [01006, 4 p.]
Autor principal: Ponomarev K. O. Konstantin Olegovich
Autor Corporativo: Национальный исследовательский Томский политехнический университет (ТПУ) Энергетический институт (ЭНИН) Кафедра теоретической и промышленной теплотехники (ТПТ)
Otros Autores: Orlova E. G. Evgeniya Georgievna, Nurpeiis А. Е. Atlant Ediluly
Sumario:Title screen
The influence of drop irrigation of the condensation part on the thermosyphon operational mode was studied experimentally. The temperature and pressure fall was found in the internal space of the upper chamber after applying the liquid on the upper wall of the thermosyphon. The temperature difference along the height of vapor channel increases and the effective resistance decreases. When complete evaporation of liquid droplets from thermosyphon, it returns to the quasi-stationary mode of operation.
Lenguaje:inglés
Publicado: 2017
Materias:
Acceso en línea:http://dx.doi.org/10.1051/matecconf/20179201006
http://earchive.tpu.ru/handle/11683/36712
Formato: Electrónico Capítulo de libro
KOHA link:https://koha.lib.tpu.ru/cgi-bin/koha/opac-detail.pl?biblionumber=652951

MARC

LEADER 00000nla2a2200000 4500
001 652951
005 20231220132315.0
035 |a (RuTPU)RU\TPU\network\18322 
035 |a RU\TPU\network\18319 
090 |a 652951 
100 |a 20170201a2017 k y0engy50 ba 
101 0 |a eng 
105 |a y z 100zy 
135 |a drcn ---uucaa 
181 0 |a i  
182 0 |a b 
200 1 |a Experimental study of thermosyphon operation when cooling the condensation part by drop irrigation  |f K. O. Ponomarev, E. G. Orlova, А. Е. Nurpeiis 
203 |a Text  |c electronic 
300 |a Title screen 
320 |a [References: 20 tit.] 
330 |a The influence of drop irrigation of the condensation part on the thermosyphon operational mode was studied experimentally. The temperature and pressure fall was found in the internal space of the upper chamber after applying the liquid on the upper wall of the thermosyphon. The temperature difference along the height of vapor channel increases and the effective resistance decreases. When complete evaporation of liquid droplets from thermosyphon, it returns to the quasi-stationary mode of operation. 
461 0 |0 (RuTPU)RU\TPU\network\4526  |t MATEC Web of Conferences 
463 0 |0 (RuTPU)RU\TPU\network\18128  |t Vol. 92 : Thermophysical Basis of Energy Technologies (TBET-2016)  |o Proceedings of the Conference, October 26-28, 2016, Tomsk, Russia  |f National Research Tomsk Polytechnic University (TPU) ; eds. G. V. Kuznetsov ; P. A. Strizhak ; A. O. Zhdanova  |v [01006, 4 p.]  |d 2017 
610 1 |a электронный ресурс 
610 1 |a труды учёных ТПУ 
610 1 |a экспериментальные исследования 
610 1 |a термосифоны 
610 1 |a охлаждение 
610 1 |a конденсация 
610 1 |a капельное орошение 
610 1 |a квазистационарный режим 
700 1 |a Ponomarev  |b K. O.  |c specialist in the field of thermal engineering  |c laboratory assistant of Tomsk Polytechnic University  |f 1993-  |g Konstantin Olegovich  |3 (RuTPU)RU\TPU\pers\35642 
701 1 |a Orlova  |b E. G.  |c specialist in the field of thermal engineering  |c Associate Professor of Tomsk Polytechnic University, Candidate of Physical and Mathematical Sciences  |f 1991-  |g Evgeniya Georgievna  |3 (RuTPU)RU\TPU\pers\34157  |9 17697 
701 1 |a Nurpeiis  |b А. Е.  |c an expert in the field of heat  |c Assistant Tomsk Polytechnic University  |f 1988-  |g Atlant Ediluly  |3 (RuTPU)RU\TPU\pers\34870 
712 0 2 |a Национальный исследовательский Томский политехнический университет (ТПУ)  |b Энергетический институт (ЭНИН)  |b Кафедра теоретической и промышленной теплотехники (ТПТ)  |3 (RuTPU)RU\TPU\col\18679 
801 2 |a RU  |b 63413507  |c 20170213  |g RCR 
856 4 |u http://dx.doi.org/10.1051/matecconf/20179201006 
856 4 |u http://earchive.tpu.ru/handle/11683/36712 
942 |c CF